Music Quiz

Random Music or Billboard Quiz

Adjective Hit Song Titles (2000–2015) Quiz Stats

 Plays Quiz Updated Oct 6, 2015

Also try: Title Not in Song
Challenge
Share
Tweet
Embed
Score 0/38 Timer 08:00
4 Plays Today
Hint Answer % Correct
2014Happy
84.7%
2002Happy
84.7%
2014Fancy
62.3%
2006Crazy
60.9%
2014Rude
59.8%
2014Jealous
54%
2013Radioactive
48.1%
2003Beautiful
40.4%
2002Beautiful
40.4%
2004Toxic
40.2%
2000Smooth
39.3%
2007Bubbly
31.6%
2006Promiscuous
30.5%
2007Stronger
28.7%
2006Unwritten
28.4%
2012Red
27.8%
2005Lonely
25%
2007Glamorous
22.2%
2001Amazed
19.9%
Hint Answer % Correct
2006Irreplaceable
17.3%
2003Unwell
16.6%
2014Loyal
14%
2008Heartless
13.2%
2002Blurry
12.8%
2004Tipsy
12.8%
2001Higher
12.6%
2008Sorry
11.6%
2001Bent
11.3%
2006Unfaithful
11.2%
2010Hard
11.2%
2001Jaded
11%
2008Fearless
10.6%
2008Closer
9.7%
2007Clumsy
8.8%
2002Foolish
8.3%
2004Wonderful
3.6%
2006Unpredictable
3.5%
2002Addictive
2.2%

You're not logged in!

Compare scores with friends on all Sporcle quizzes.
OR
Log In

You Might Also Like...

Show Comments

Extras

Top Quizzes Today


Score Distribution

Your Account Isn't Verified!

In order to create a playlist on Sporcle, you need to verify the email address you used during registration. Go to your Sporcle Settings to finish the process.

Report this User

Report this user for behavior that violates our Community Guidelines.

Details: